<?xml version="1.0" encoding="UTF-8"?>
<record
    xmlns:xsi="http://www.w3.org/2001/XMLSchema-instance"
    xsi:schemaLocation="http://www.loc.gov/MARC21/slim http://www.loc.gov/standards/marcxml/schema/MARC21slim.xsd"
    xmlns="http://www.loc.gov/MARC21/slim">

  <leader>04930nam a22003374  4500</leader>
  <controlfield tag="001">R9781032644370</controlfield>
  <controlfield tag="003">EG-ScBUE</controlfield>
  <controlfield tag="005">20250225094855.0</controlfield>
  <controlfield tag="008">240110s2024    nyu    f      001 0 eng d</controlfield>
  <datafield tag="020" ind1=" " ind2=" ">
    <subfield code="z">9781032644356</subfield>
  </datafield>
  <datafield tag="040" ind1=" " ind2=" ">
    <subfield code="a">NhCcYBP</subfield>
    <subfield code="b">eng</subfield>
    <subfield code="e">rda</subfield>
    <subfield code="c">NhCcYBP</subfield>
    <subfield code="d">EG-ScBUE</subfield>
  </datafield>
  <datafield tag="082" ind1="0" ind2="4">
    <subfield code="a">658.3123</subfield>
    <subfield code="2">22</subfield>
    <subfield code="b">AMB</subfield>
  </datafield>
  <datafield tag="100" ind1="1" ind2=" ">
    <subfield code="a">Ambrozie, Tony,</subfield>
    <subfield code="e">author.</subfield>
  </datafield>
  <datafield tag="245" ind1="1" ind2="0">
    <subfield code="a">Doing digital :</subfield>
    <subfield code="b">lessons learned on how to do and be digital /</subfield>
    <subfield code="c">Tony Ambrozie ; foreword by George Hanna, chief technology and digital officer, LA Clippers.</subfield>
  </datafield>
  <datafield tag="264" ind1=" " ind2="1">
    <subfield code="a">New York :</subfield>
    <subfield code="b">Routledge,</subfield>
    <subfield code="c">2024.</subfield>
  </datafield>
  <datafield tag="300" ind1=" " ind2=" ">
    <subfield code="a">xxx, 251 pages :</subfield>
    <subfield code="b">illustrations ;</subfield>
    <subfield code="c">20 cm</subfield>
  </datafield>
  <datafield tag="336" ind1=" " ind2=" ">
    <subfield code="a">text</subfield>
    <subfield code="b">txt</subfield>
    <subfield code="2">rdacontent</subfield>
  </datafield>
  <datafield tag="337" ind1=" " ind2=" ">
    <subfield code="a">computer</subfield>
    <subfield code="b">c</subfield>
    <subfield code="2">rdamedia</subfield>
  </datafield>
  <datafield tag="338" ind1=" " ind2=" ">
    <subfield code="a">online resource</subfield>
    <subfield code="b">cr</subfield>
    <subfield code="2">rdacarrier</subfield>
  </datafield>
  <datafield tag="500" ind1=" " ind2=" ">
    <subfield code="a">Includes index.
</subfield>
  </datafield>
  <datafield tag="520" ind1=" " ind2=" ">
    <subfield code="a">We have gone through one of the most disruptive societal changes, on a global scale, over the last three years due to COVID-19. Regardless of the personal and professional impact the pandemic had on us, we've all had to adapt to a different reality that continues today. The pandemic has also forced organizations large and small to adjust and rethink their normal business activities - sometimes in abrupt ways - in order to survive a global shutdown. Organizations that did adjust well applied five major principles that they'll be wise to continue with for the long-term, both when facing extreme events or merely the new normal. First and foremost, successful organizations accelerated digital and the use of digital tools and business models as much as possible. For example, retail operations with modest digital presence suddenly had to sell through digital channels, rather than physical stores. Entertainment content creators had to push everything into streaming services instead of theaters. And healthcare providers moved patient encounters from in-person to telehealth as much as was feasible and safe. This accelerated the digital transformation movement and is the focus of this book. This thought-provoking book offers fundamental principles and a narrative about the entire journey to doing and ultimately being digital, with the view to help the reader build their own mental model on how to approach digital in their situations and organizations. The book also draws a story in which concepts and practices are introduced as needed and is based on the author's own experiences at American Express and Disney. Presented in five parts, the author introduces the topics of digital, digitization, and digital transformation; discusses the fundamental concepts and building blocks of digital; describes who makes up the ideal digital team; the principles and processes of execution; and puts it all together in the context of the overall business. The author concludes his narrative with a case study from the healthcare industry - an industry that is still 10-15 years behind in their digital transformation. The book concludes with the author's observations of what AI and ChatGPT means for digital transformations.</subfield>
  </datafield>
  <datafield tag="545" ind1="0" ind2=" ">
    <subfield code="a">Tony Ambrozie is Senior Vice President and Chief Digital Officer/Chief Information Officer for Baptist Health South Florida, the largest not-for-profit healthcare organization in South Florida. He is responsible for all technologies and customer experience as well as clinical digital and data transformation efforts. Before joining Baptist Health, Mr. Ambrozie served as Senior Vice President, Technology and Digital at The Walt Disney Company. In this role, he was responsible for a number of digital and core systems and technologies, engineering, data analytics and machine learning for Disney Parks, Consumer Products, Games and Publishing. Prior to joining Disney in 2013, Mr. Ambrozie was Vice President for Digital Platform Technologies at American Express, where he was responsible for platform engineering, shared services development and application security, with previous roles focused on application architecture, development, engineering and performance. He is a proven leader in the technology and digital space with a keen focus on using technology and data to enhance the consumer experience. Prior to spending the past two decades focused on large business operations, he launched his technology career as the cofounder of a software development startup, specializing in building unique, small business applications. Mr. Ambrozie holds a dual MBA and Master's Degree in Information Management from the W.P. Carey School of Business at Arizona State University.</subfield>
  </datafield>
  <datafield tag="650" ind1=" " ind2="7">
    <subfield code="a">Telecommuting.</subfield>
    <subfield code="2">BUEsh</subfield>
  </datafield>
  <datafield tag="653" ind1=" " ind2=" ">
    <subfield code="c">February2025</subfield>
    <subfield code="b">BUSADM</subfield>
  </datafield>
  <datafield tag="655" ind1=" " ind2=" ">
    <subfield code="v">Reading book</subfield>
  </datafield>
  <datafield tag="776" ind1="0" ind2="8">
    <subfield code="i">Print version:</subfield>
    <subfield code="z">1032644354</subfield>
    <subfield code="z">9781032644356</subfield>
    <subfield code="z">1032644362</subfield>
    <subfield code="z">9781032644363</subfield>
  </datafield>
  <datafield tag="856" ind1="4" ind2="0">
    <subfield code="a">Bloomington</subfield>
    <subfield code="u">https://www.taylorfrancis.com/books/9781032644370</subfield>
    <subfield code="z">Available on campus and off campus with authorized logon</subfield>
  </datafield>
  <datafield tag="942" ind1=" " ind2=" ">
    <subfield code="2">ddc</subfield>
    <subfield code="c">BB</subfield>
  </datafield>
  <datafield tag="949" ind1=" " ind2=" ">
    <subfield code="h">wellsebook</subfield>
  </datafield>
  <datafield tag="999" ind1=" " ind2=" ">
    <subfield code="c">30926</subfield>
    <subfield code="d">30897</subfield>
  </datafield>
  <datafield tag="952" ind1=" " ind2=" ">
    <subfield code="0">0</subfield>
    <subfield code="1">0</subfield>
    <subfield code="2">ddc</subfield>
    <subfield code="4">0</subfield>
    <subfield code="7">0</subfield>
    <subfield code="8">Alahram</subfield>
    <subfield code="a">MAIN</subfield>
    <subfield code="b">MAIN</subfield>
    <subfield code="c">1ST</subfield>
    <subfield code="d">2025-02-25</subfield>
    <subfield code="e">Purchase</subfield>
    <subfield code="g">1829.00</subfield>
    <subfield code="h">150</subfield>
    <subfield code="l">0</subfield>
    <subfield code="o">658.3123 AMB</subfield>
    <subfield code="p">000057290</subfield>
    <subfield code="r">2025-07-15 00:00:00</subfield>
    <subfield code="v">2286.00</subfield>
    <subfield code="w">2025-02-25</subfield>
    <subfield code="y">BB</subfield>
  </datafield>
</record>
